[Event "Nordic Youth-ch A 2019"]
[Site "Borgarnes"]
[Date "2019.02.15"]
[Round "2.17"]
[White "Kvaloy, Aksel Bu"]
[Black "Jaakkola, Niklas"]
[Result "1-0"]
[WhiteElo "2066"]
[BlackElo "1635"]
[Annotator "NA RC"]
[PlyCount "73"]
[EventDate "2019.02.03"]
[EventType "swiss"]
[EventCountry "ISL"]
[SourceTitle "playchess.com"]
[Source "ChessBase"]
[SourceQuality "1"]
[TimeControl "40/5400+30:1800+30"]

1. e4 {[%emt 0:00:00]} c5 {[%emt 0:00:00]} 2. Nf3 {[%emt 0:00:00]} Nc6 {[%emt 0:00:00]} 3. Bb5 {[%emt 0:00:00]} d6 {[%emt 0:02:54]} 4. O-O {[%emt 0:00:38]} Bd7 {[%emt 0:08:37]} 5. Re1 {[%emt 0:00:16]} Nf6 {[%emt 0:03:06]} 6. c3 {[%emt 0:01:19]} e6 {[%emt 0:12:34]} 7. d4 {[%emt 0:04:15]} cxd4 {[%emt 0:15:18]} 8. cxd4 {[%emt 0:00:10]} a6 {[%emt 0:06:10] B51: Sicilian: Moscow Variation (3 Bb5+) without 3...Bd7} (8... d5 9. e5 Ng8 10. Nc3 Nge7 11. Bd3 a6 12. h4 Qb6 13. Na4 Qc7 14. h5 g6 15. Bg5 Rg8 16. hxg6 Nxg6 {1-0 (50) Ponkratov,P (2613)-Vykouk,J (2435) Katowice 2017}) 9. Bf1 {[%emt 0:02:00]} e5 {[%emt 0:04:56]} 10. Nc3 {[%emt 0:09:09]} Be7 {[%emt 0:07:09]} 11. d5 {[%emt 0:00:35]} Nb8 $146 {[%emt 0:01:05]} ({Predecessor:} 11... Na7 12. a4 b5 13. axb5 Nxb5 14. Qb3 Nxc3 15. Qxc3 a5 16. Bd2 {1-0 (56) Reyer,U (2200)-Schwetje,S (1986) Apolda 2007}) 12. a4 {[%emt 0:01:29]} b6 {[%emt 0:11:26]} 13. h3 {[%emt 0:08:48]} O-O {[%emt 0:03:12]} 14. Be3 {[%emt 0:04:08]} Bc8 {[%emt 0:00:24]} 15. Nd2 {[%emt 0:02:02]} Re8 {[%emt 0:02:15]} 16. Nc4 {[%emt 0:02:33]} Nbd7 {[%emt 0:03:26]} 17. f4 {[%emt 0:08:54]} (17. b4 $16) 17... exf4 {[%emt 0:01:59]} 18. Bxf4 {[%emt 0:00:12]} Qc7 {[%emt 0:00:13]} 19. Rc1 {[%emt 0:09:46]} (19. b4 $16) 19... Qb8 $1 {[%emt 0:01:34]} 20. Kh1 {[%emt 0:02:34]} Bf8 {[%emt 0:05:21]} 21. Qd4 {[%emt 0:05:21]} Nh5 {[%emt 0:04:16] [#]} 22. Bh2 $1 {[%emt 0:01:50]} g6 {[%emt 0:00:48]} (22... h6 $16 23. Be2 Nhf6) 23. g4 {[%emt 0:01:24]} Ng7 {[%emt 0:00:11]} 24. Bg2 {[%emt 0:01:15]} b5 {[#]} 25. Na5 $1 {[%emt 0:05:25]} Bb7 $18 {[%emt 0:04:02]} 26. b4 {[%emt 0:06:20]} bxa4 {[%emt 0:00:26]} 27. Nxa4 {[%emt 0:00:21]} Be7 {[%emt 0:00:54]} 28. Rf1 {[%emt 0:08:50]} Rc8 {[%emt 0:00:47]} 29. Nc6 {[%emt 0:02:47]} Bxc6 {[%emt 0:00:24]} 30. dxc6 {[%emt 0:00:01]} Ne5 {[%emt 0:00:26]} 31. Nb6 {[%emt 0:01:30]} Ne6 {[%emt 0:00:36]} 32. Qf2 {[%emt 0:00:38]} f6 {[%emt 0:00:29]} 33. Nxa8 {[%emt 0:01:38]} Nd3 {[%emt 0:00:29]} 34. Qa2 {[%emt 0:00:19]} Nxc1 {[%emt 0:00:26]} 35. Qxe6+ {[%emt 0:00:06]} Kf8 {[%emt 0:00:07]} 36. Rxc1 {[%emt 0:00:21]} Qxa8 {[%emt 0:00:32]} 37. Bxd6 {[%emt 0:00:30]} 1-0

[Event "Nordic Youth-ch A 2019"]
[Site "Borgarnes"]
[Date "2019.02.15"]
[Round "2.18"]
[White "Koota, Ilkka"]
[Black "Medhus, Vitus Bondo"]
[Result "1-0"]
[WhiteElo "1514"]
[BlackElo "1788"]
[Annotator "NA RC"]
[PlyCount "43"]
[EventDate "2019.02.03"]
[EventType "swiss"]
[EventCountry "ISL"]
[SourceTitle "playchess.com"]
[Source "ChessBase"]
[SourceQuality "1"]
[TimeControl "40/5400+30:1800+30"]

1. e4 {[%emt 0:00:00]} c5 {[%emt 0:00:00]} 2. c3 {[%emt 0:00:43]} g6 {[%emt 0:00:14]} 3. d4 {[%emt 0:00:26]} cxd4 {[%emt 0:00:19]} 4. cxd4 {[%emt 0:00:11]} d5 {[%emt 0:00:10]} 5. e5 {[%emt 0:00:24]} Bf5 {[%emt 0:00:27]} 6. Nc3 {[%emt 0:01:24]} Nc6 {[%emt 0:00:52]} 7. Bb5 {[%emt 0:01:51]} e6 {[%emt 0:01:28]} 8. g4 {[%emt 0:00:44]} Be4 {[%emt 0:00:50]} 9. f3 {[%emt 0:00:13]} Qh4+ {[%emt 0:01:36]} 10. Kf1 {[%emt 0:01:08]} Nge7 {[%emt 0:00:57]} 11. fxe4 {[%emt 0:00:24]} dxe4 {[%emt 0:00:57]} 12. Nxe4 {[%emt 0:00:14]} O-O-O {[%emt 0:00:39]} 13. Bg5 {[%emt 0:00:24]} Nd5 {[%emt 0:00:57]} 14. Qe2 {[%emt 0:01:46]} Nxd4 {[%emt 0:01:34]} 15. Bxh4 {[%emt 0:00:51]} Nxe2 {[%emt 0:01:20]} 16. Bxd8 {[%emt 0:00:28]} Nd4 {[%emt 0:01:13]} 17. Bf6 {[%emt 0:01:14]} Ne3+ {[%emt 0:03:22]} 18. Kf2 {[%emt 0:01:42]} Nxg4+ {[%emt 0:00:12]} 19. Kg2 {[%emt 0:00:54]} Nxf6 {[%emt 0:01:10]} 20. Rc1+ {[%emt 0:00:15]} Kb8 {[%emt 0:01:22]} 21. Nxf6 {[%emt 0:00:08]} Nxb5 {[%emt 0:00:36]} 22. Nd7+ {[%emt 0:00:07]} 1-0

[Event "Nordic Youth-ch A 2019"]
[Site "Borgarnes"]
[Date "2019.02.15"]
[Round "2.20"]
[White "Moller, Tomas"]
[Black "Smarason, Kristjan Ingi"]
[Result "1/2-1/2"]
[WhiteElo "1226"]
[BlackElo "1422"]
[Annotator "NA RC"]
[PlyCount "81"]
[EventDate "2019.02.03"]
[EventType "swiss"]
[EventCountry "ISL"]
[SourceTitle "playchess.com"]
[Source "ChessBase"]
[SourceQuality "1"]
[TimeControl "40/5400+30:1800+30"]

1. e4 {[%emt 0:00:00]} c5 {[%emt 0:00:00]} 2. Nf3 {[%emt 0:00:00]} d6 {[%emt 0:00:00]} 3. d4 {[%emt 0:00:00]} cxd4 {[%emt 0:00:00]} 4. Nxd4 {[%emt 0:00:00]} Nf6 {[%emt 0:00:12]} 5. f3 {[%emt 0:00:49]} g6 {[%emt 0:00:24]} 6. c4 {[%emt 0:00:37]} Bg7 {[%emt 0:00:37]} 7. Nc3 {[%emt 0:00:50]} O-O {[%emt 0:00:53]} 8. Be3 {[%emt 0:00:27]} Nc6 {[%emt 0:00:26]} 9. Be2 {[%emt 0:01:06]} Bd7 {[%emt 0:01:08]} 10. O-O {[%emt 0:01:11]} Qb6 {[%emt 0:04:13]} 11. Qd2 {[%emt 0:08:29]} Nxe4 {[%emt 0:06:14]} 12. fxe4 {[%emt 0:00:10]} Bxd4 {[%emt 0:01:04]} 13. Bxd4 {[%emt 0:00:07]} Nxd4 {[%emt 0:00:59]} 14. Kh1 {[%emt 0:00:16]} Nxe2 {[%emt 0:00:40]} 15. Qxe2 {[%emt 0:00:08]} Rac8 {[%emt 0:02:31]} 16. Nd5 {[%emt 0:00:54]} Qd8 {[%emt 0:01:19]} 17. Rac1 {[%emt 0:02:59]} Bc6 {[%emt 0:01:55]} 18. Nc3 {[%emt 0:03:13]} e6 {[%emt 0:01:41]} 19. Qf2 {[%emt 0:04:32]} b6 {[%emt 0:02:29]} 20. Rcd1 {[%emt 0:01:34]} Qg5 {[%emt 0:02:06]} 21. Rxd6 {[%emt 0:05:09]} Qe5 {[%emt 0:02:42]} 22. Qf4 {[%emt 0:01:58]} Qxf4 {[%emt 0:01:07]} 23. Rxf4 {[%emt 0:00:11]} Rfd8 {[%emt 0:01:53]} 24. Rxd8+ {[%emt 0:01:13]} Rxd8 {[%emt 0:00:09]} 25. Kg1 {[%emt 0:03:36]} Rd4 {[%emt 0:03:02]} 26. g3 {[%emt 0:01:00]} Rxc4 {[%emt 0:01:00]} 27. Kf2 {[%emt 0:00:35]} Kf8 {[%emt 0:01:43]} 28. Ke3 {[%emt 0:00:11]} Rc5 {[%emt 0:01:14]} 29. Kd3 Bb5+ {[%emt 0:01:02]} 30. Ke3 {[%emt 0:01:23]} Rh5 {[%emt 0:02:26]} 31. b3 {[%emt 0:04:44]} Bc6 {[%emt 0:01:14]} 32. h4 {[%emt 0:00:41]} Rc5 {[%emt 0:02:01]} 33. Kd3 {[%emt 0:03:18]} Bb5+ {[%emt 0:02:11]} 34. Kd2 {[%emt 0:01:58]} Ke7 {[%emt 0:03:38]} 35. g4 {[%emt 0:03:08]} Bd7 {[%emt 0:01:14]} 36. g5 {[%emt 0:00:56]} Re5 {[%emt 0:03:12]} 37. Ke3 {[%emt 0:00:21]} Rc5 {[%emt 0:03:36]} 38. Kd3 {[%emt 0:00:30]} b5 {[%emt 0:02:23]} 39. b4 {[%emt 0:01:32]} Rc6 {[%emt 0:02:37]} 40. e5 {[%emt 0:01:49]} Rb6 {[%emt 0:01:54]} 41. Ne4 {[%emt 0:31:53]} 1/2-1/2

[Event "Nordic Youth-ch A 2019"]
[Site "Borgarnes"]
[Date "2019.02.16"]
[Round "3.1"]
[White "Thorgeirsson, Jon Kristinn"]
[Black "Nazarova, Anastasia"]
[Result "1-0"]
[WhiteElo "2306"]
[BlackElo "2176"]
[Annotator "NA"]
[PlyCount "99"]
[EventDate "2019.02.03"]
[EventType "swiss"]
[EventCountry "ISL"]
[SourceTitle "playchess.com"]
[Source "ChessBase"]
[SourceQuality "1"]
[TimeControl "5400+30"]

1. d4 {[%emt 0:01:13]} d5 {[%emt 0:00:00]} 2. Nc3 {[%emt 0:01:15]} Nf6 {[%emt 0:01:04]} 3. Bg5 {[%emt 0:00:15]} Nbd7 {[%emt 0:01:48]} 4. Qd3 {[%emt 0:07:30]} e6 {[%emt 0:19:56]} 5. e4 {[%emt 0:10:00]} dxe4 {[%emt 0:01:02]} 6. Nxe4 {[%emt 0:00:09]} Be7 {[%emt 0:00:06]} 7. Bxf6 {[%emt 0:00:27]} Nxf6 {[%emt 0:06:12]} 8. Nf3 {[%emt 0:00:12]} Qd5 {[%emt 0:06:28]} 9. Nc3 {[%emt 0:18:16]} Qa5 {[%emt 0:14:36]} 10. Ne5 {[%emt 0:02:42]} O-O {[%emt 0:10:22]} 11. O-O-O {[%emt 0:07:46]} c5 {[%emt 0:06:06]} 12. Be2 {[%emt 0:16:03]} Rd8 {[%emt 0:05:19]} 13. Qb5 {[%emt 0:27:36]} Qc7 {[%emt 0:02:40]} 14. Qc4 {[%emt 0:02:01]} a6 {[%emt 0:00:19]} 15. Bf3 {[%emt 0:00:11]} Rb8 {[%emt 0:04:06]} 16. Ne4 {[%emt 0:00:37]} b5 {[%emt 0:03:57]} 17. Qe2 {[%emt 0:00:54]} Rxd4 {[%emt 0:03:39]} 18. Nc6 {[%emt 0:00:50]} Rxd1+ {[%emt 0:05:51]} 19. Rxd1 {[%emt 0:00:02]} Rb6 {[%emt 0:03:59]} 20. Nxe7+ {[%emt 0:00:37]} Qxe7 {[%emt 0:00:31]} 21. Nxc5 {[%emt 0:00:13]} g6 {[%emt 0:00:25]} 22. Qe5 {[%emt 0:00:30]} Ne8 {[%emt 0:00:50]} 23. Ne4 {[%emt 0:00:49]} f5 {[%emt 0:00:54]} 24. Nc3 {[%emt 0:00:43]} Bb7 {[%emt 0:01:11]} 25. Bxb7 {[%emt 0:01:02]} Rxb7 26. Re1 {[%emt 0:00:19]} Nc7 {[%emt 0:00:47]} 27. f4 {[%emt 0:00:37]} Rb6 {[%emt 0:00:20]} 28. Rd1 {[%emt 0:00:17]} Rc6 {[%emt 0:00:29]} 29. Qd4 {[%emt 0:00:32]} b4 {[%emt 0:00:37]} 30. Qd8+ {[%emt 0:00:38]} Qxd8 {[%emt 0:00:34]} 31. Rxd8+ {[%emt 0:00:02]} Kg7 {[%emt 0:00:13]} 32. Ne2 {[%emt 0:00:09]} Nb5 {[%emt 0:00:21]} 33. Kd2 {[%emt 0:00:34]} Kf6 {[%emt 0:00:57]} 34. Rh8 {[%emt 0:00:37]} Kg7 {[%emt 0:00:40]} 35. Rb8 {[%emt 0:00:13]} Kf6 {[%emt 0:00:17]} 36. Nc1 {[%emt 0:00:23]} Rc4 {[%emt 0:00:50]} 37. Nd3 {[%emt 0:00:12]} h6 {[%emt 0:00:28]} 38. Rb6 {[%emt 0:00:38]} Re4 {[%emt 0:00:28]} 39. Rxa6 {[%emt 0:00:54]} Nd4 {[%emt 0:00:15]} 40. Nxb4 {[%emt 0:00:22]} Nf3+ {[%emt 0:00:47]} 41. Kc3 {[%emt 0:00:24]} Nxh2 {[%emt 0:00:26]} 42. a4 {[%emt 0:01:45]} g5 {[%emt 0:00:27]} 43. fxg5+ {[%emt 0:00:17]} hxg5 {[%emt 0:00:13]} 44. a5 {[%emt 0:00:12]} f4 {[%emt 0:00:36]} 45. Ra8 {[%emt 0:00:21]} f3 {[%emt 0:00:44]} 46. gxf3 {[%emt 0:00:09]} Re3+ {[%emt 0:00:09]} 47. Nd3 {[%emt 0:00:31]} Nxf3 {[%emt 0:00:47]} 48. a6 {[%emt 0:00:11]} Ne5 {[%emt 0:00:33]} 49. a7 {[%emt 0:00:09]} Nxd3 {[%emt 0:00:31]} 50. cxd3 {[%emt 0:00:11]} 1-0

[Event "Nordic Youth-ch A 2019"]
[Site "Borgarnes"]
[Date "2019.02.16"]
[Round "3.2"]
[White "Finnsson, Eli W."]
[Black "Kristensen, Bjarke Hautop"]
[Result "0-1"]
[WhiteElo "1659"]
[BlackElo "2212"]
[Annotator "NA"]
[PlyCount "54"]
[EventDate "2019.02.03"]
[EventType "swiss"]
[EventCountry "ISL"]
[SourceTitle "playchess.com"]
[Source "ChessBase"]
[SourceQuality "1"]
[TimeControl "5400+30"]

1. e4 {[%emt 0:00:00]} c5 {[%emt 0:00:00]} 2. Nf3 {[%emt 0:00:00]} Nc6 {[%emt 0:00:00]} 3. d4 {[%emt 0:00:00]} cxd4 {[%emt 0:00:00]} 4. Nxd4 {[%emt 0:00:00]} e5 {[%emt 0:00:00]} 5. Nf3 {[%emt 0:02:08]} Nf6 {[%emt 0:00:28]} 6. Nc3 {[%emt 0:01:00]} Bb4 {[%emt 0:00:33]} 7. Bg5 {[%emt 0:04:11]} Bxc3+ {[%emt 0:17:30]} 8. bxc3 {[%emt 0:00:09]} Qa5 {[%emt 0:00:04]} 9. Bd3 {[%emt 0:08:02]} Qxc3+ {[%emt 0:00:09]} 10. Kf1 {[%emt 0:00:08]} d6 {[%emt 0:01:29]} 11. Rb1 {[%emt 0:05:00]} O-O {[%emt 0:02:15]} 12. Bxf6 {[%emt 0:01:57]} gxf6 {[%emt 0:00:02]} 13. Nh4 {[%emt 0:02:02]} Nd4 {[%emt 0:00:40]} 14. Nf5 {[%emt 0:03:04]} Bxf5 {[%emt 0:08:20]} 15. exf5 {[%emt 0:00:11]} d5 {[%emt 0:06:21]} 16. Qg4+ {[%emt 0:14:54]} Kh8 {[%emt 0:00:04]} 17. Qh4 {[%emt 0:00:09]} Qc6 {[%emt 0:00:04]} 18. c3 {[%emt 0:02:57]} e4 {[%emt 0:00:02]} 19. cxd4 {[%emt 0:04:59]} exd3 {[%emt 0:00:04]} 20. Rd1 {[%emt 0:00:36]} Rfe8 {[%emt 0:03:54]} 21. g4 {[%emt 0:07:10]} d2 {[%emt 0:03:57]} 22. Kg2 {[%emt 0:02:06]} Re2 {[%emt 0:00:06]} 23. Qh6 {[%emt 0:01:57]} Re4 {[%emt 0:11:33]} 24. h3 {[%emt 0:09:20]} Rxd4 {[%emt 0:00:11]} 25. Rxd2 {[%emt 0:00:09]} Rxd2 {[%emt 0:01:02]} 26. Qxd2 {[%emt 0:00:06]} d4+ {[%emt 0:00:53]} 27. Kg3 {[%emt 0:01:06]} Qxh1 {[%emt 0:01:47]} 0-1

[Event "Nordic Youth-ch A 2019"]
[Site "Borgarnes"]
[Date "2019.02.16"]
[Round "3.3"]
[White "Keinanen, Toivo"]
[Black "Heimisson, Hilmir Freyr"]
[Result "0-1"]
[WhiteElo "2403"]
[BlackElo "2394"]
[Annotator "NA"]
[PlyCount "65"]
[EventDate "2019.02.03"]
[EventType "swiss"]
[EventCountry "ISL"]
[SourceTitle "playchess.com"]
[Source "ChessBase"]
[SourceQuality "1"]
[TimeControl "5400+30"]

1. d4 {[%emt 0:00:00]} Nf6 {[%emt 0:00:13]} 2. c4 {[%emt 0:00:00]} e6 {[%emt 0:00:33]} 3. g3 {[%emt 0:00:00]} c5 {[%emt 0:00:04]} 4. Nf3 {[%emt 0:00:00]} cxd4 {[%emt 0:00:06]} 5. Nxd4 {[%emt 0:00:00]} d5 {[%emt 0:00:05]} 6. Bg2 {[%emt 0:03:05]} e5 {[%emt 0:00:11]} 7. Nf3 {[%emt 0:01:38]} d4 {[%emt 0:00:06]} 8. O-O {[%emt 0:00:28]} Nc6 {[%emt 0:00:03]} 9. e3 {[%emt 0:00:44]} Be7 {[%emt 0:00:39]} 10. exd4 {[%emt 0:00:16]} exd4 {[%emt 0:00:06]} 11. Bf4 {[%emt 0:01:23]} Be6 {[%emt 0:00:20]} 12. Ne5 {[%emt 0:07:56]} Rc8 {[%emt 0:00:02]} 13. Re1 {[%emt 0:06:13]} O-O {[%emt 0:00:59]} 14. Nd2 {[%emt 0:01:47]} Qb6 {[%emt 0:09:56]} 15. a3 {[%emt 0:05:42]} Nxe5 {[%emt 0:26:58]} 16. Rxe5 {[%emt 0:06:00]} Qxb2 {[%emt 0:00:14]} 17. Rb5 {[%emt 0:19:04]} Qc3 {[%emt 0:00:26]} 18. Rxb7 {[%emt 0:04:31]} Rfe8 {[%emt 0:01:08]} 19. Rxa7 {[%emt 0:04:58]} Bg4 {[%emt 0:05:32]} 20. Bf3 {[%emt 0:05:25]} Bxf3 {[%emt 0:03:26]} 21. Nxf3 {[%emt 0:00:20]} Bc5 {[%emt 0:00:26]} 22. Ra4 {[%emt 0:02:05]} Ne4 {[%emt 0:08:49]} 23. Nd2 {[%emt 0:18:32]} d3 {[%emt 0:09:03]} 24. Nxe4 {[%emt 0:00:25]} Rxe4 {[%emt 0:00:42]} 25. Rc1 {[%emt 0:00:39]} Qb2 {[%emt 0:05:25]} 26. Qf3 {[%emt 0:05:38]} d2 {[%emt 0:10:29]} 27. Rd1 {[%emt 0:00:35]} Qc2 {[%emt 0:03:06]} 28. Ra8 {[%emt 0:06:05]} Rxa8 {[%emt 0:00:59]} 29. Rxd2 {[%emt 0:00:10]} Qb1+ {[%emt 0:00:25]} 30. Rd1 {[%emt 0:00:11]} Re1+ {[%emt 0:00:16]} 31. Kg2 {[%emt 0:00:08]} Qxd1 {[%emt 0:00:08]} 32. Qxa8+ {[%emt 0:00:08]} Bf8 {[%emt 0:00:03]} 33. h4 {[%emt 0:00:30]} 0-1

[Event "Nordic Youth-ch A 2019"]
[Site "Borgarnes"]
[Date "2019.02.16"]
[Round "3.4"]
[White "Mejlvang, Magnus"]
[Black "Fossan, Andreas"]
[Result "0-1"]
[WhiteElo "1880"]
[BlackElo "2025"]
[Annotator "NA"]
[PlyCount "90"]
[EventDate "2019.02.03"]
[EventType "swiss"]
[EventCountry "ISL"]
[SourceTitle "playchess.com"]
[Source "ChessBase"]
[SourceQuality "1"]
[TimeControl "5400+30"]

1. d4 {[%emt 0:00:00]} Nf6 {[%emt 0:01:02]} 2. Bf4 {[%emt 0:00:00]} e6 {[%emt 0:00:33]} 3. Nf3 {[%emt 0:00:31]} c5 {[%emt 0:00:27]} 4. e3 {[%emt 0:00:26]} Be7 {[%emt 0:03:01]} 5. Nbd2 {[%emt 0:04:29]} O-O {[%emt 0:03:51]} 6. Bd3 {[%emt 0:02:47]} cxd4 {[%emt 0:04:02]} 7. exd4 {[%emt 0:00:19]} b6 {[%emt 0:00:14]} 8. c3 {[%emt 0:01:58]} Bb7 {[%emt 0:00:16]} 9. Qc2 {[%emt 0:05:15]} d6 {[%emt 0:02:02]} 10. Rg1 {[%emt 0:20:46]} Nbd7 {[%emt 0:06:40]} 11. g4 {[%emt 0:05:09]} g6 {[%emt 0:02:00]} 12. O-O-O {[%emt 0:03:51]} Rc8 {[%emt 0:02:47]} 13. h4 {[%emt 0:08:36]} Nd5 {[%emt 0:06:20]} 14. Bh6 {[%emt 0:00:15]} Nb4 {[%emt 0:01:09]} 15. Qb1 {[%emt 0:00:02]} Bd5 {[%emt 0:15:41]} 16. Ne4 {[%emt 0:17:12]} Bxa2 {[%emt 0:04:45]} 17. Qa1 {[%emt 0:00:07]} Nxd3+ {[%emt 0:05:27]} 18. Rxd3 {[%emt 0:00:03]} Bc4 {[%emt 0:00:30]} 19. Re3 {[%emt 0:03:48]} Re8 {[%emt 0:00:56]} 20. h5 {[%emt 0:04:47]} e5 {[%emt 0:09:39]} 21. hxg6 {[%emt 0:01:17]} fxg6 {[%emt 0:00:56]} 22. Rd1 {[%emt 0:02:02]} Qc7 {[%emt 0:05:38]} 23. dxe5 {[%emt 0:08:39]} Nxe5 {[%emt 0:01:02]} 24. Nxe5 {[%emt 0:01:27]} dxe5 {[%emt 0:00:18]} 25. Nd2 {[%emt 0:01:57]} Red8 {[%emt 0:04:09]} 26. Rde1 {[%emt 0:00:57]} Bf7 {[%emt 0:05:34]} 27. Rxe5 {[%emt 0:02:15]} Bf6 {[%emt 0:00:17]} 28. R5e3 {[%emt 0:01:01]} Qd7 {[%emt 0:03:05]} 29. Ne4 {[%emt 0:00:21]} Bh8 {[%emt 0:02:37]} 30. Bg5 {[%emt 0:00:59]} Bb3 {[%emt 0:02:35]} 31. Bxd8 {[%emt 0:02:44]} Rxd8 {[%emt 0:00:01]} 32. Nd6 {[%emt 0:00:13]} Qxd6 {[%emt 0:00:55]} 33. Re8+ {[%emt 0:00:01]} Rxe8 {[%emt 0:00:29]} 34. Rxe8+ {[%emt 0:00:02]} Kf7 {[%emt 0:00:16]} 35. Re1 {[%emt 0:00:44]} Qf4+ {[%emt 0:01:54]} 36. Re3 {[%emt 0:00:03]} Qa4 {[%emt 0:04:26]} 37. Rf3+ {[%emt 0:02:39]} Kg8 {[%emt 0:01:12]} 38. Qb1 {[%emt 0:00:01]} Qxg4 {[%emt 0:01:25]} 39. Qd3 {[%emt 0:00:01]} Qg1+ {[%emt 0:00:44]} 40. Kd2 {[%emt 0:00:01]} Qd1+ {[%emt 0:00:29]} 41. Ke3 {[%emt 0:00:01]} Qxd3+ {[%emt 0:00:16]} 42. Kxd3 {[%emt 0:00:02]} b5 {[%emt 0:00:42]} 43. Rf4 {[%emt 0:01:08]} a5 {[%emt 0:00:32]} 44. Rf3 {[%emt 0:01:49]} a4 {[%emt 0:00:15]} 45. Ke4 {[%emt 0:00:41]} Bg7 {[%emt 0:00:12] Kd4} 0-1

[Event "Nordic Youth-ch A 2019"]
[Site "Borgarnes"]
[Date "2019.02.16"]
[Round "4.1"]
[White "Kristensen, Bjarke Hautop"]
[Black "Thorgeirsson, Jon Kristinn"]
[Result "1/2-1/2"]
[WhiteElo "2212"]
[BlackElo "2306"]
[Annotator "ChessBase"]
[PlyCount "85"]
[EventDate "2019.02.03"]
[EventType "swiss"]
[EventCountry "ISL"]
[SourceTitle "playchess.com"]
[Source "ChessBase"]
[SourceQuality "1"]
[TimeControl "5400+30"]

1. Nf3 {[%emt 0:00:00]} c5 {[%emt 0:00:00]} 2. c4 {[%emt 0:00:00]} Nc6 {[%emt 0:00:25]} 3. Nc3 {[%emt 0:00:00]} Nf6 {[%emt 0:00:07]} 4. g3 {[%emt 0:00:00]} e6 {[%emt 0:00:10]} 5. Bg2 {[%emt 0:00:34]} Qc7 {[%emt 0:11:38]} 6. O-O {[%emt 0:00:34]} b6 {[%emt 0:00:31]} 7. e3 {[%emt 0:01:20]} Bb7 {[%emt 0:02:34]} 8. b3 {[%emt 0:00:47]} a6 {[%emt 0:00:54]} 9. Bb2 {[%emt 0:00:35]} Be7 {[%emt 0:00:40]} 10. Qe2 d6 11. Ne1 {[%emt 0:17:30]} h5 {[%emt 0:08:04]} 12. h3 {[%emt 0:02:03]} h4 {[%emt 0:01:09]} 13. g4 {[%emt 0:00:10]} O-O-O {[%emt 0:04:36]} 14. Nc2 {[%emt 0:03:19]} Ne5 {[%emt 0:06:24]} 15. f4 {[%emt 0:21:36]} Ng6 {[%emt 0:02:38]} 16. d4 {[%emt 0:02:42]} Nd7 {[%emt 0:19:28]} 17. a4 {[%emt 0:16:13]} Rhe8 {[%emt 0:06:28]} 18. Ra2 {[%emt 0:04:51]} Bxg2 {[%emt 0:02:44]} 19. Qxg2 {[%emt 0:00:21]} Qb7 {[%emt 0:00:17]} 20. d5 {[%emt 0:11:11]} a5 {[%emt 0:03:38]} 21. g5 {[%emt 0:03:10]} Nb8 {[%emt 0:08:35]} 22. Qg4 {[%emt 0:01:51]} Qd7 {[%emt 0:00:54]} 23. Qg2 {[%emt 0:02:54]} Bf8 {[%emt 0:00:38]} 24. Na3 {[%emt 0:01:02]} Ne7 {[%emt 0:00:52]} 25. e4 {[%emt 0:01:20]} Ng6 {[%emt 0:01:11]} 26. Raa1 {[%emt 0:00:31]} Na6 {[%emt 0:00:27]} 27. Rad1 {[%emt 0:00:35]} e5 {[%emt 0:01:35]} 28. f5 {[%emt 0:00:13]} Nf4 {[%emt 0:00:06]} 29. Qg4 {[%emt 0:01:08]} g6 {[%emt 0:00:28]} 30. Bc1 {[%emt 0:00:26]} f6 {[%emt 0:02:16]} 31. Rxf4 {[%emt 0:06:48]} exf4 {[%emt 0:00:22]} 32. Bxf4 {[%emt 0:00:01]} gxf5 {[%emt 0:00:23]} 33. exf5 {[%emt 0:00:13]} fxg5 {[%emt 0:00:19]} 34. Bxg5 {[%emt 0:00:09]} Bg7 {[%emt 0:10:25]} 35. Bxd8 {[%emt 0:00:40]} Bxc3 {[%emt 0:00:20]} 36. Bxh4 {[%emt 0:00:39]} Qf7 {[%emt 0:01:11]} 37. Nb5 {[%emt 0:00:57]} Be5 {[%emt 0:00:11]} 38. Bg5 {[%emt 0:00:18]} Rg8 {[%emt 0:01:44]} 39. h4 {[%emt 0:00:04]} Nb4 {[%emt 0:00:49]} 40. Kh1 {[%emt 0:00:42]} Qd7 {[%emt 0:01:03]} 41. Rg1 {[%emt 0:00:54]} Nd3 {[%emt 0:00:35]} 42. Qf3 {[%emt 0:00:23]} Qh7 {[%emt 0:00:07]} 43. Qxd3 {[%emt 0:01:52]} 1/2-1/2